| 000 | 00776nam a2200205Ia 4500 | ||
|---|---|---|---|
| 003 | GCL | ||
| 008 | 140319s9999 xx 000 0 ara d | ||
| 040 |
_aGCL / _cGCL |
||
| 082 | 0 | 4 |
_a341.249 _bا ق |
| 100 | 1 | _aاحمد نبيل جوهر | |
| 245 | 1 | 0 |
_aقرارات منظمة الوحدة الافريقية:النظرية والتطبيق دورها فى حل مشاكل القارة / _cاحمد نبيل جوهر |
| 260 |
_a[S.N] : _bمنشاة المعارف الاسلامية ، _c1987 |
||
| 300 | _a401 ص | ||
| 490 |
_aسلسلة الكتب القانونية _v0 |
||
| 650 | 0 | 4 | _aالقانون |
| 650 | 0 | 4 | _aالقانون الدولى |
| 650 | 0 | 4 | _aمنظمة الوحدة الافريقية |
| 650 | 0 | 4 | _aالوحدة الافريقية |
| 942 |
_2ddc _cBK |
||
| 999 |
_c35981 _d35981 |
||